KOHA-Header-6

Foundations of Electronics (Record no. 996)

000 -LEADER
fixed length control field 00328nam a2200133Ia 4500
008 - FIXED-LENGTH DATA ELEMENTS--GENERAL INFORMATION
fixed length control field 190722s9999 xx 000 0 und d
020 ## - INTERNATIONAL STANDARD BOOK NUMBER
International Standard Book Number 978-81-224-3352-4
100 ## - MAIN ENTRY--PERSONAL NAME
Personal name P.C Rakshit
245 #0 - TITLE STATEMENT
Title Foundations of Electronics
250 ## - EDITION STATEMENT
Edition statement 3rd
260 ## - PUBLICATION, DISTRIBUTION, ETC. (IMPRINT)
Place of publication, distribution, etc New Delhi
Name of publisher, distributor, etc New Age international
Date of publication, distribution, etc 2015
300 ## - PHYSICAL DESCRIPTION
Extent 347
942 ## - ADDED ENTRY ELEMENTS (KOHA)
Koha item type Books
Holdings
Withdrawn status Lost status Source of classification or shelving scheme Damaged status Not for loan Collection code Permanent Location Current Location Shelving location Date acquired Full call number Barcode Date last seen Price effective from Koha item type
          Electrical Engineering MAJU MAJU Shelf No.A34 2019-07-22 621.38 7621 2019-07-22 2019-07-22 Electrical Engineering

Powered by Koha